Score 0/15 Timer 01:30
0 Plays Today
% Correct
Dalek
94.6%
Cyberman
92.5%
Sycorax
85.6%
Silurian
84.9%
Vashta Nerada
81.2%
Auton
77.7%
Kroll
71%
Ogron
67.6%
% Correct
Ribosian
64.5%
Nimon
64%
Voord
61.6%
Thal
60.6%
Fendahl
60%
Drahvin
58.4%
Yeti
46.7%

Today's Daily Dose

Remove Ads.
Support Sporcle.
Get the best of Sporcle when you Go Orange. This ad-free experience offers more features, more stats, and more fun while also helping to support Sporcle. Thank you for becoming a member.

You're not logged in!

Compare scores with friends on all Sporcle quizzes.
OR
Log In

Show Comments

Extras

Top Quizzes Today


Score Distribution

Your Account Isn't Verified!

In order to create a playlist on Sporcle, you need to verify the email address you used during registration. Go to your Sporcle Settings to finish the process.

Report this User

Report this user for behavior that violates our Community Guidelines.

Details: